[Event "Mecklenburg VP-ch U18"]
[Site "Malchow"]
[Date "2019.02.05"]
[Round "5.8"]
[White "Voigt, Rubens Renaldo"]
[Black "Wernike, Thomas"]
[Result "1-0"]
[WhiteElo "991"]
[BlackElo "1385"]
[PlyCount "47"]
[EventDate "2019.02.02"]
[EventType "swiss"]
[EventRounds "7"]
[EventCountry "GER"]
[SourceTitle "EXT 2022"]
[Source "ChessBase"]
[SourceDate "2021.10.06"]
[SourceVersion "1"]
[SourceVersionDate "2021.10.06"]
[SourceQuality "1"]

1. e4 e5 2. Nf3 d6 3. Bc4 Be7 4. c3 Nf6 5. d3 0-0 6. Bg5 c6 7. h3 d5 8. exd5 cxd5 9. Bb5 a6 10. Ba4 b5 11. Bb3 Nc6 12. Qe2 Qd6 13. 0-0 Be6 14. Re1 Nd7 15. Bxe7 Qxe7 16. Nbd2 f6 17. d4 e4 18. Nxe4 dxe4 19. Qxe4 Bxb3 20. Qxc6 Rfc8 21. Qxc8+ Rxc8 22. Rxe7 Bf7 23. Rxd7 Rc6 24. Rd8+ 1-0